000
00291nam a2200121Ia 4500
008
191201s2012 xx 000 0 und d
100
_a
DHOGAL, PS
245
0
_a
Basic Electrical Engineering Vol -1
250
_a
45th rep
260
_c
2012
_b
TMH
_a
NEW DELHI
300
_a
257
942
_2
ddc
_c
BK
999
_c
8052
_d
8052